Fr. Conceicao Rodrigues College of Engineering

Head first Ajax (Record no. 18146)

MARC details
000 -LEADER
fixed length control field 00332nam a2200169Ia 4500
082 ## - DEWEY DECIMAL CLASSIFICATION NUMBER
Classification number 5.74
Item number RIO
100 ## - MAIN ENTRY--PERSONAL NAME
Personal name Riordan/Rebecca M
245 ## - TITLE STATEMENT
Title Head first Ajax
260 ## - PUBLICATION, DISTRIBUTION, ETC.
Name of publisher, distributor, etc. Oreilly
Date of publication, distribution, etc. 2008
366 ## - TRADE AVAILABILITY INFORMATION
Publishers's discount category 25
300 ## - PHYSICAL DESCRIPTION
Extent 497
546 ## - LANGUAGE NOTE
Language note ENGLISH
-- PAMPHALETS
650 ## - SUBJECT ADDED ENTRY--TOPICAL TERM
Topical term or geographic name entry element AJAX
654 ## - SUBJECT ADDED ENTRY--FACETED TOPICAL TERMS
Focus term ajax
942 ## - ADDED ENTRY ELEMENTS (KOHA)
Koha item type BOOK
Holdings
Withdrawn status Lost status Damaged status Not for loan Collection Home library Current library Date acquired Source of acquisition Cost, normal purchase price Inventory number Total Checkouts Full call number Barcode Date last seen Cost, replacement price Price effective from Koha item type
        CRC Fr. Agnel's C.Rodrigues College of Engineering Fr. Agnel's C.Rodrigues College of Engineering 17/03/2023 Dharma Enterprises 337.50 524 dt 29/04/2010   5.74 RIO 20531 17/03/2023 450.00   BOOK
        CRC Fr. Agnel's C.Rodrigues College of Engineering Fr. Agnel's C.Rodrigues College of Engineering 17/03/2023 Professional Book House. 420.00 27 dt 13/08/2012   5.133 RIO 22152 18/11/2024 525.00   BOOK
        CRC Fr. Agnel's C.Rodrigues College of Engineering Fr. Agnel's C.Rodrigues College of Engineering 17/03/2023 Professional Book House. 420.00 27 dt 13/08/2012   5.133 RIO 22153 17/03/2023 525.00   BOOK
        CRC Fr. Agnel's C.Rodrigues College of Engineering Fr. Agnel's C.Rodrigues College of Engineering 17/03/2023 Professional Book House 420.00 27 dt 13/08/2012   5.133 RIO 22154 17/03/2023 525.00   BOOK